| 000 | 00351nam a2200145Ia 4500 | ||
|---|---|---|---|
| 008 | 210210b1972 xxu||||| |||| 00| 0 eng d | ||
| 082 | _a537.5 DELE | ||
| 100 | _aDELANEY (C F G). | ||
| 245 | _aElectronics for the physicist. | ||
| 260 |
_aLondon _bE L B S _c1972 |
||
| 300 | _a256 | ||
| 650 | _aElectronics | ||
| 690 | _aElectronics | ||
| 906 | _a039443 | ||
| 999 |
_c89283 _d89283 |
||